E. Nesbit Bibliography - Statistics

General Stats
  • This quiz has been taken 5 times
  • The average score is 3 of 385
Answer Stats
Type Year Name % Correct
Children's Novel 1902 Five Children and It
80%
Children's Novel 1906 The Railway Children
40%
Children's Novel 1907 The Enchanted Castle
20%
Children's Novel 1910 The Magic City
20%
Short Story Collection 1912 The Magic World
20%
Children's Novel 1904 The Phoenix and the Carpet
20%
Children's Novel 1906 The Story of the Amulet
20%
Children's Novel 1899 The Story of the Treasure Seekers
20%
Children's Novel 1901 The Wouldbegoods
20%
Poem 1908 A Ballad of Canterbury
0%
Poem 1898 Absolution
0%
Short Story 1912 Accidental Magic
0%
Poem 1908 A Choice
0%
Short Story 1896 Acting for the Best
0%
Short Story 1896 A Death-Bed Confession
0%
Poem 1922 A Farewell
0%
Poem 1898 After Sixty Years
0%
Poem 1922 Age to Youth
0%
Poem 1908 A Great Industrial Centre
0%
Poem 1908 A Last Appeal
0%
Short Story 1906 Alciblades
0%
Short Story 1897 Alfred the Great
0%
Poem 1908 All in All
0%
Poem 1888 All Round the Year
0%
Short Story 1907 All's Well That Ends Well
0%
Short Story 1897 A Midsummer Night's Dream
0%
Short Story 1905 An Object of Value and Virtue
0%
Short Story 1895 A Noble Dog
0%
Poem 1922 A Parting
0%
Poem 1895 A Pomander of Verse
0%
Poem 1898 A Portrait
0%
Short Story 1895 A Powerful Friend
0%
Short Story 1895 A Silly Question
0%
Poem 1922 As It Is
0%
Poem 1908 A Star in the East
0%
Short Story 1897 As You Like It
0%
Poem 1898 "At Evening Time There Shall Be Light"
0%
Poem 1922 At Parting
0%
Poem 1922 At the Last
0%
Poem 1898 At the Sound of the Drum
0%
Poem 1908 At the Year's End
0%
Poem 1908 August
0%
Poem 1908 A Word for the Future
0%
Poetry Collection 1908 Ballads and Lyrics of Socialism
0%
Poetry Collection 1911 Ballads and Verses of the Spiritual Life
0%
Short Story 1896 Barring the Way
0%
Children's Story Collection 1907 Beautiful Stories from Shakespeare
0%
Short Story 1908 Beauty and the Beast
0%
Poem 1922 Before Winter
0%
Short Story 1912 Belinda and Bellamant
0%
Poem 1898 Betrayed
0%
Short Story 1905 Billy and William
0%
Short Story 1905 Billy the King
0%
Poem 1898 By Faith with Thanksgiving
0%
Children's Story Collection 1904 Cat Tales
0%
Poem 1898 Chains Invisible
0%
Poem 1908 Chains Invisible
0%
Poem 1898 Christmas Hymn
0%
Short Story 1903 Cinderella
0%
Short Story 1908 Cinderella
0%
Short Story 1896 Coals of Fire
0%
Poem 1889 Coral and Sea Songs
0%
Short Story 1897 Cymbeline
0%
Novel 1909 Daphne in Fitzroy Street
0%
Short Story 1903 Dick, Tom, and Harry
0%
Short Story 1908 Dick Whittington and His Cat
0%
Poem 1898 Dirge
0%
Poem 1898 Discretion
0%
Children's Story Collection 1895 Doggy Tales
0%
Novel 1911 Dormant
0%
Poem 1898 Ebb-Tide
0%
Short Story 1897 Edward the Black Prince
0%
Poem 1898 Entreaty
0%
Poem 1898 Evening Prayer
0%
Poem 1898 Faith
0%
Poem 1922 Faith
0%
Poem 1898 Faute de Mieux
0%
Short Story Collection 1910 Fear
0%
Poem 1922 Fear
0%
Poem 1898 February
0%
Children's Novel 1925 Five of Us - and Madeline
0%
Poem 1922 For Dolly - Who Does Not Learn Her Lessons
0%
Short Story 1901 Fortunatus Rex and Co.
0%
Short Story 1893 From the Dead
0%
Poem 1922 From the Portuguese
0%
Poetry Collection 1912 Garden Poems
0%
Short Story 1896 Grandsire Triples
0%
Poem 1922 Gratitude
0%
Poem 1922 Gretna Green
0%
Short Story Collection 1893 Grim Tales
0%
Short Story 1896 Guilty
0%
Short Story 1897 Hamlet
0%
Children's Novel 1909 Harding's Luck
0%
Poem 1898 Haunted
0%
Short Story 1897 Henry the Fifth and the Baby King
0%
Short Story 1897 Henry the Third
0%
Poem 1908 Here and There
0%
Short Story 1896 Her Marriage Lines
0%
Poem 1922 Hope
0%
Short Story 1908 Hop-o'-my-Thumb
0%
Short Story 1893 Hurst of Hurstcote
0%
Poem 1922 In Age
0%
Poem 1908 Inasmuch as Ye Did It Not
0%
Poem 1922 Incompatibilities
0%
Poem 1898 In Eclipse
0%
Short Story Collection 1896 In Homespun
0%
Poem 1922 In Hospital
0%
Poem 1898 In the Enchanted Tower
0%
Poem 1922 In the People's Park
0%
Poem 1908 In Trouble
0%
Poem 1922 Invocation
0%
Short Story 1908 Jack and the Beanstalk
0%
Short Story 1908 Jack the Giant-Killer
0%
Poem 1908 Jesus in London
0%
Short Story 1893 John Charrington's Wedding
0%
Poem 1908 Judas
0%
Short Story 1912 Justnowland
0%
Short Story 1912 Kenneth and the Carp
0%
Short Story 1901 Kind Little Edmund, or The Caves and the Cockatrice
0%
Short Story 1897 King Lear
0%
Poem 1908 Knowledge
0%
Poem 1888 Landscape and Song
0%
Poem 1886 Lays and Legends
0%
Poem 1888 Leaves of Life
0%
Poem 1908 London's Voices
0%
Poem 1898 "Love Well the Hour"
0%
Short Story 1907 Macbeth
0%
Poem 1922 Magic
0%
Poem 1898 Magnificat
0%
Poem 1898 Maidenhood
0%
Short Story Collection 1906 Man and Maid
0%
Short Story 1893 Man-Size in Marble
0%
Poetry Collection 1922 Many Voices
0%
Poem 1922 Mary of Magdala
0%
Poem 1922 May Day
0%
Short Story 1907 Measure for Measure
0%
Short Story 1895 Meddlesome Pussy
0%
Poem 1898 Medway Song
0%
Short Story 1901 Melisande
0%
Short Story 1903 Miss Eden's Baby
0%
Children's Story Collection 1894 Miss Mischief
0%
Short Story 1906 Miss Mouse
0%
Short Story 1905 Molly, the Measles, and the Missing Will
0%
Short Story 1907 Much Ado About Nothing
0%
Short Story 1905 Muscadel
0%
Poem 1898 New College Gardens, Oxford
0%
Poem 1908 New Year Song
0%
Short Story 1895 Nine Lives
0%
Children's Story Collection 1901 Nine Unlikely Tales
0%
Poem 1908 Old Age
0%
Short Story 1896 One Way of Love
0%
Poem 1898 On the Downs
0%
Children's Story Collection 1905 Oswald Bastable and Others
0%
Short Story 1907 Othello
0%
Poem 1898 Out of Hope
0%
Short Story 1897 Pericles
0%
Poem 1922 Philosophy
0%
Children's Story Collection 1903 Playtime Stories
0%
Poem 1922 Prayer in Time of War
0%
Poem 1908 Prayer Under Gray Skies
0%
Poem 1898 Prelude
0%
Short Story 1897 Prince Arthur
0%
Children's Story Collection 1905 Pug Peter, King of Mouseland
0%
Short Story 1908 Puss in Boots
0%
Children's Story Collection 1899 Pussy and Doggy Tales
0%
Children's Story Collection 1895 Pussy Tales
0%
Poem 1922 Questions
0%
Short Story 1906 Rack and Thumbscrew
0%
Short Story 1895 Rats!
0%
Poem 1898 Requiem
0%
Short Story 1897 Romeo and Juliet
0%
Poem 1895 Rose Leaves
0%
Short Story 1903 Rounding Off a Scene
0%
Children's Story Collection 1897 Royal Children of English History
0%
Novel 1909 Salome and the Head
0%
Poem 1922 Saturday Song
0%
Poem 1922 Sea-Shells
0%
Short Story 1912 Septimus Septimusson
0%
Poem 1898 "Shepherds All and Maidens Fair"
0%
Short Story 1905 Showing Off; or, The Looking-Glass Boy
0%
Short Story 1905 Sir Christopher Cockleshell
0%
Song 1899 Slave Song
0%
Novel 1886 Something Wrong
0%
Short Story Collection 1893 Something Wrong
0%
Short Story 1896 Son and Heir
0%
Poem 1922 Song
0%
Poem 1898 Song in Autumn
0%
Poem 1898 Song of Long Ago
0%
Poem 1898 Song of Peace and Honour
0%
Poem 1898 Song of Trafalgar
0%
Poetry Collection 1898 Songs of Love and Empire
0%
Poem 1890 Songs of Two Seasons
0%
Poem 1898 Special Pleading
0%
Poem 1908 Spring
0%
Poem 1922 Spring in War-Time
0%
Poem 1898 Spring Song
0%
Poem 1908 Spring Song
0%
Poem 1922 Surrender
0%
Poem 1892 Sweet Lavender
0%
Poem 1898 Teint Neutre
0%
Poem 1898 The Adventurer
0%
Poem 1898 The Appeal
0%
Short Story 1905 The Arsenicators: A Tale of Crime
0%
Short Story 1912 The Aunt and Amabel
0%
Short Story 1906 The Aunt and the Editor
0%
Poem 1908 The Ballad of Splendid Silence
0%
Poem 1898 The Ballad of the White Lady
0%
Poem 1888 The Better Part
0%
Poem 1908 The Better Part
0%
Short Story 1901 The Blue Mountain
0%
Short Story 1901 The Book of Beasts
0%
Children's Story Collection 1898 The Book of Dogs
0%
Children's Story Collection 1901 The Book of Dragons
0%
Short Story 1896 The Bristol Bowl
0%
Short Story 1903 The Brute
0%
Short Story Collection 1894 The Butler in Bohemia
0%
Short Story 1912 The Cat-hood of Maurice
0%
Poem 1922 The Champion
0%
Short Story 1905 The Charmed Life; or, The Princess and Lift-Man
0%
Poem 1908 The Children
0%
Short Story Collection 1897 The Children's Shakespeare
0%
Short Story 1901 The Cockatoucan
0%
Short Story 1907 The Comedy of Errors
0%
Poem 1898 The Crown of Life
0%
Poem 1922 The Daisies
0%
Poem 1922 The Day of Judgment
0%
Poem 1908 The Dead to the Living
0%
Poem 1922 The Death of Agnes
0%
Poem 1922 The December Rose
0%
Short Story 1901 The Deliverers of Their Country
0%
Poem 1922 The Deposit
0%
Poem 1898 "The Desirable Mansion"
0%
Poem 1908 The Despot
0%
Poem 1908 The Devil's Due
0%
Short Story 1901 The Dragon Tamers
0%
Short Story 1903 The Duel
0%
Short Story 1895 The Dyer's Dog
0%
Short Story 1893 The Ebony Frame
0%
Short Story 1905 The Enchanceried House
0%
Poem 1922 The Eternal
0%
Poem 1922 The Fields of Flanders
0%
Short Story 1901 The Fiery Dragon, or The Heart of Stone and the Heart of Gold
0%
Poem 1922 The Fire
0%
Short Story 1897 The First Prince of Wales
0%
Short Story 1903 The Force of Habit
0%
Poem 1898 The Forest Pool
0%
Poem 1908 The Garden Refused
0%
Poem 1922 The Garden Refused
0%
Poem 1898 The Ghost Bereft
0%
Poem 1922 The Gift of Life
0%
Short Story 1906 The Girl at the Tobacconist's
0%
Short Story 1903 The Girl with the Guitar
0%
Poem 1898 The Goose Girl
0%
Poem 1898 The Guardian Angel
0%
Short Story 1906 The Haunted Inheritance
0%
Poem 1898 The Heart of Grief
0%
Poem 1898 The Heart of Joy
0%
Poem 1898 The Heart of Sadness
0%
Short Story 1906 The Hermit of "The Yews"
0%
Short Story 1903 The Holiday
0%
Poem 1922 The Home-Coming
0%
Children's Novel 1908 The House of Arden
0%
Short Story 1906 The House of Silence
0%
Short Story 1901 The Ice Dragon, or Do as You Are Told
0%
Novel 1906 The Incomplete Amorist
0%
Novel 1916 The Incredible Honeymoon
0%
Short Story 1901 The Island of the Nine Whirlpools
0%
Novel 1922 The Lark
0%
Poem 1898 The Last Act
0%
Poem 1922 The Last Defeat
0%
Short Story 1903 The Lie Absolute
0%
Poem 1887 The Lily and the Cross
0%
Short Story Collection 1903 The Literary Sense
0%
Short Story 1903 The Love of Romance
0%
Short Story 1903 The Lover, the Girl, and the Onlooker
0%
Short Story 1912 The Magician's Heart
0%
Poem 1922 The Magic Ring
0%
Short Story 1903 The Man with the Boots
0%
Poem 1908 The Marching Song
0%
Novel 1896 The Marden Mystery
0%
Short Story 1893 The Mass for the Dead
0%
Short Story 1897 The Merchant of Venice
0%
Poem 1888 The Message of the Dove
0%
Short Story 1906 The Millionairess
0%
Short Story 1912 The Mixed Mine
0%
Poem 1898 The Monk
0%
Poem 1922 The Mother's Prayer
0%
Short Story 1893 The Mystery of the Semi-Detached
0%
Poem 1922 The Nest
0%
Children's Novel 1904 The New Treasure Seekers
0%
Short Story 1903 The Obvious
0%
Poem 1898 The Offering
0%
Poem 1922 The Old Magic
0%
Children's Story Collection 1908 The Old Nursery Stories
0%
Short Story 1906 The Old Wife
0%
Poem 1898 The Pedlar
0%
Children's Book 1891 The Pilot
0%
Short Story 1901 The Plush Usurper
0%
Poem 1922 The Point of View: I
0%
Poem 1922 The Point of View: II
0%
Short Story 1906 The Power of Darkness
0%
Short Story 1905 The Princess and the Cat
0%
Short Story 1912 The Princess and the Hedge-Pig
0%
Short Story 1901 The Prince, Two Mice, and Some Kitchen-Maids
0%
Poem 1922 The Prodigal's Return
0%
Poem 1898 The Promise of Spring
0%
Novel 1885 The Prophet's Mantle
0%
Poem 1898 The Queen of England
0%
Poem 1905 The Rainbow and the Rose
0%
Short Story 1903 The Rainbow Queen
0%
Children's Story Collection 1903 The Rainbow Queen and Other Stories
0%
Novel 1902 The Red House
0%
Poem 1898 The Refusal
0%
Short Story 1912 The Related Muff
0%
Poem 1922 The Return
0%
Children's Story Collection 1902 The Revolt of the Toys
0%
Short Story 1905 The Ring and the Lamp
0%
Short Story 1905 The Runaways
0%
Short Story 1903 The Second Best
0%
Novel 1899 The Secret of Kyriels
0%
Short Story 1895 The Selfish Pussy
0%
Poem 1908 These Little Ones
0%
Short Story Collection 1909 These Little Ones
0%
Poem 1908 The Sick Journalist
0%
Poem 1922 The Skylark
0%
Short Story 1908 The Sleeping Beauty in the Wood
0%
Poem 1908 The Soul to the Ideal
0%
Poem 1908 The Star
0%
Poem 1887 The Star of Bethlehem
0%
Poem 1922 The Stolen God - Lazarus to Dives
0%
Children's Story Collection 1904 The Story of the Five Rebellious Dolls
0%
Short Story 1906 The Stranger Who Might Have Been Observed
0%
Short Story 1901 The Sums That Came Right
0%
Short Story 1895 The Tables Turned
0%
Short Story 1897 The Taming of the Shrew
0%
Short Story 1897 The Tempest
0%
Short Story 1908 The Third Drug
0%
Poem 1890 The Time of Roses
0%
Poem 1922 The Touchstones
0%
Short Story 1901 The Town in the Library, in the Town in the Library
0%
Short Story 1905 The Twopenny Spell
0%
Short Story 1903 The Unfaithful Lover
0%
Short Story 1895 The Vain Setter
0%
Poem 1898 The Vain Spell
0%
Poem 1922 The Vault - After Sedgmoor
0%
Poem 1922 The Whirligig of Time
0%
Short Story 1908 The White Cat
0%
Short Story 1912 The White Cat
0%
Short Story 1905 The White Horse
0%
Short Story 1895 The White Persian
0%
Short Story 1897 The Winter's Tale
0%
Children's Novel 1911 The Wonderful Garden
0%
Short Story Collection 1901 Thirteen Ways Home
0%
Children's Story Collection 1895 Tick Tock, Tales of the Clock
0%
Short Story 1907 Timon of Athens
0%
Short Story 1895 Tinker
0%
Poem 1908 To a Child Reading
0%
Poem 1898 To a Tulip Bule
0%
Poem 1922 To Her: In Time of War
0%
Poem 1908 To His Daughter
0%
Short Story 1895 Too Clever by Half
0%
Poem 1898 Too Late
0%
Poem 1908 Torch-Bearers
0%
Short Story Collection 1923 To the Adventurous
0%
Poem 1901 To Wish You Every Joy
0%
Poem 1898 Trafalgar Day
0%
Short Story 1897 Twelfth Night
0%
Short Story 1907 Two Gentlemen of Verona
0%
Poem 1908 Two Lives
0%
Poem 1908 Two Lullabies
0%
Poem 1908 Two Voices
0%
Short Story 1893 Uncle Abraham's Romance
0%
Short Story 1901 Uncle James, or The Purple Stranger
0%
Short Story 1903 Under the New Moon
0%
Poem 1908 'Until the Day Break...'
0%
Poem 1922 Values
0%
Poem 1898 Waterloo Day
0%
Poem 1922 Wedding Day
0%
Children's Novel 1913 Wet Magic
0%
Short Story 1901 Whereyouwanttogoto
0%
Short Story 1906 While Is Is Yet Day
0%
Poem 1922 White Magic
0%
Poem 1922 Windflowers
0%
Poem 1922 Winter
0%
Short Story 1903 With an E
0%
No matching quizzes found
Score Distribution
Percent of People with Each Score
Percentile by Number Answered
Your Score History
You have not taken this quiz